transfers football quiz - Statistics

General Stats
  • This quiz has been taken 507 times
  • The average score is 7 of 13
Answer Stats
Hint Answer % Correct
man united to real madrid 2008 cristiano ronaldo
96%
liverpool to chelsea 2011 fernando torres
80%
everton to man united 2004 wayne rooney
70%
man united to real madrid 2003 david beckham
63%
leeds to man united 2002 rio ferdinand
62%
arsenal to barcelona 2011 cesc fabregas
60%
newcastle to liverpool 2011 andy carroll
48%
liverpool to real madrid 2009 xabi alonso
45%
tottenham to man united 2008 dimitar berbatov
44%
chelsea to real madrid 2007 arjen robben
32%
arsenal to barcelona 2000 marc overmars
25%
tottenham to real madrid 2012 luka modric
22%
arsenal to real madrid 2000 nicolas anelka
20%
No matching quizzes found
Score Distribution
Percent of People with Each Score
Percentile by Number Answered
Your Score History
You have not taken this quiz